Countries by where football is not the most popular sport - Statistics

General Stats
  • This quiz has been taken 26 times
  • The average score is 10 of 15
Answer Stats
Country Pop. (M) % Correct
India 1476
100%
United States 349
100%
China 1412
96%
Japan 122
88%
Australia 27
83%
Canada 40
75%
Pakistan 259
75%
Bangladesh 177
71%
Taiwan 23
58%
Sri Lanka 23
50%
Nepal 29
46%
Philippines 117
46%
Afghanistan 45
42%
Venezuela 28
38%
Dominican Republic 11
25%
No matching quizzes found
Score Distribution
Percent of People with Each Score
Percentile by Number Answered
Your Score History
You have not taken this quiz